| 000 | 01147cab a22002055a 4500 | ||
|---|---|---|---|
| 001 | L152322 | ||
| 008 | 110215e20110115xxk 000 0 eng d | ||
| 035 | _a(Sirsi) u152322 | ||
| 041 | 0 | _aeng | |
| 100 | 1 | _aBotten, Christopher | |
| 245 | 0 | 0 | _aIt's time to save |
| 260 | _c2011 | ||
| 490 |
_aEstates Gazette _v(1102) 15 January 2011, 66-68(3) |
||
| 520 | _aGreen Management Toolkit produced by Better Buildings Partnership provides guidance to owners and occupiers on how to achieve reductions in energy, water and waste in their buildings. The toolkit includes information on how to set up a green building management group (GBMG), has templates to assist an owner or manager to explain what a GBMG is for and what it can achieve. It also has a template environmental action plan which can provide a starting point for parties to record the base level environmental performance of their building. With a Case Study of York House, British Land's London Head Office. | ||
| 590 | _aKA | ||
| 651 | 4 |
_aUnited Kingdom _y |
|
| 690 | _aENVIRONMENT AND LAND CONSULTANCY-ENERGY-ENERGY USE-ENERGY EFFICIENCY | ||
| 700 | 1 | _aBugden, Keith | |
| 942 | _n0 | ||
| 999 |
_c82937 _d82937 |
||